000 00552nam a2200193Ia 4500
003 GCL
008 140319s9999 xx 000 0 eng d
040 _aGCL /
_cGCL
082 0 4 _a747.4
_bC T
100 1 _aCRUTCHILEY, ANNA
245 1 0 _aTHE TASSELS BOOK: AN INSPIRATIONAL GUIDE TO TASSELS AND TASSELS - MAKING, WITH OVER 40 PRACTICAL PROJECTS /
_cCRUTCHILEY, ANNA
260 _a[S.N] :
_bLORENZ BOOKS ،
_c1996
300 _a160 P
650 0 4 _aHANDICRAFTS
650 0 4 _aNEDDLE WORKS
650 0 4 _aTASSELS
650 0 4 _aARTS
942 _2ddc
_cBK
999 _c14465
_d14465